| 000 | 00441nam a2200181 4500 | ||
|---|---|---|---|
| 003 | DO-SdBNP | ||
| 005 | 20180215112051.0 | ||
| 008 | 161208b1986 sp||||| |||| 00| 0 spa d | ||
| 020 | _a8475253857 | ||
| 040 |
_aBPMSU _bspa _cBPMSU |
||
| 100 | _aThomson, Ruth | ||
| 245 | _aColores | ||
| 260 |
_aMadrid : _bAnaya , _c1986 |
||
| 300 |
_a16 : _bil. : _c24 cm |
||
| 942 |
_2ddc _cBK |
||
| 945 | _aInventariado, 2018 / BT | ||
| 956 | _adgarcia | ||
| 999 |
_c12375 _d12375 |
||